000 00503nam a2200169 a 4500
005 20140311163026.0
008 080519s19uu xx 00 eng d
020 _a9780787995867
100 _aParish, Robert
245 _aEmbracing autism :
_bconnecting and communicating with children in the autism spectrum /
_cRobert Parish.
260 _aU.S.A :
_bJossey-Bass,
_c2008.
300 _a174 p. :
_c24 cm.
521 _aEDU
650 _aAutism in children.
942 _cBK
_2lcc
_kFOR
999 _c39552
_d39552